Dejiny staroslávnej Nitry

Bibliographic Details
Main Author: Boháč, Jozef (historik) (Author)
Format: Book
Language:Slovak
PhysicalDescription:110, [1] s. 8°
Published: Nitra B. Fídler 1928
Subjects:

MARC

LEADER 00000cam a2200000 a 4500
001 vtls008365050
003 SK-MaSNL
005 20260301164916.0
008 251124s1928 xo grn 000 0 slo
015 |a SNBA19191938-000810 
020 |q (brož.) 
035 |a SK01SNKBSKHR20020057267 
035 |a SKM000059730 
040 |a SNK  |b slo  |c SNK  |e AACR2 
041 0 |a slo 
043 |a e-xo--- 
044 |a xo  |c SK 
080 |a 943.76  |2 1981 
100 1 |a Boháč, Jozef  |c (historik)  |4 aut  |9 168675 
245 1 0 |a Dejiny staroslávnej Nitry  |c Jozef Boháč 
260 |a Nitra  |b B. Fídler  |c 1928  |e Nitra  |f Prvá slovenská kníhtlač. 
300 |a 110, [1] s.  |c 8° 
504 |a Zoznam prameňov a lit. 
650 0 7 |a dejiny miest  |2 SNKPH  |9 164833 
651 7 |a Nitra (Slovensko)  |2 SNKPHgeo  |9 15714 
655 7 |a monografie  |2 SNKPH  |9 70139 
852 |a Univerzitná knižnica v Bratislave  |b 300000  |h SE 1304 
852 |a Univerzitná knižnica v Bratislave  |b 300000  |h XXE 311 
852 |a Ústredná knižnica SAV v Bratislave  |b 600000  |h E 1974 
954 |a odborná, vedecká literatúra pôvodná (slovenská)  |2 lita 
958 |a OND 
958 |a RK 
958 |a TL 
958 |a NB 
999 |c 822219  |d 824149 
952 |a SNK  |b SNK  |y PREZ  |7 0  |p 17A0714915  |o snkSC 605  |i snk339/29  |0 0  |1 0  |4 0  |d 2012-04-12  |f 1  |l 0  |r 2026-02-24 03:10:30  |w 2026-02-24 
952 |a SNK  |b SNK  |y VYP  |7 0  |p 17A0887430  |o snkSC 605 D2  |i snkD 1940/61  |8 1  |0 0  |1 0  |4 0  |d 2012-04-12  |l 0  |r 2026-02-24 03:10:30  |w 2026-02-24 
952 |a SNK  |b SNK  |y VYP  |7 0  |p 17A0032140  |o snkSC 605 D1  |i snkKSF 556/57  |8 5  |0 0  |1 0  |4 0  |d 1997-01-20  |l 0  |r 2005-01-01 00:00:00  |w 2026-02-24